| 000 | 00682nam a2200193Ia 4500 | ||
|---|---|---|---|
| 008 | 130821s1933 fr gr fre | ||
| 040 |
_aCo-BoUCM _bspa |
||
| 041 | 0 | 0 | _afre |
| 100 | 1 |
_aWhitton, John Boardman _d1892- |
|
| 245 | 1 | 3 |
_aLa doctrine de Monroe _cJohn Boardman Whitton |
| 260 |
_aParís (Francia) _bA. Pedone _c1933 |
||
| 300 | _a3 páginas l. , [5]-142 páginas | ||
| 650 | 0 | 4 |
_aDoctrina de Monroe _913503 |
| 650 | 0 | 4 |
_aSeguridad internacional _924104 |
| 651 | 7 |
_aAmérica Latina _bRelaciones internacionales _926570 |
|
| 651 | 7 |
_aEstados Unidos _bRelaciones internacionales _97595 |
|
| 942 |
_cLIBRO _a6 _e1 _mW337 _2DEWEY _h327.73 |
||
| 999 |
_c61239 _d61239 |
||